000 00302nam a22001217a 4500
020 _a8186095179
082 _a664.02
_bBAK/FO
100 _aBakshi,A
_9233
245 _aFood procsessin and preservation Part 1 & 2
260 _aNew Delhi ,
_bJagmender book Agency
_c2023
300 _a441
942 _cBK
999 _c14186
_d14186